Pies hermosos : (Record no. 27588)

MARC details
000 -LEADER
campo de control de longitud fija 00723ntaaa2200217 4500
003 - IDENTIFICADOR DE NÚMERO DE CONTROL
campo de control 01
005 - FECHA Y HORA DE LA ÚLTIMA TRANSACCIÓN
campo de control 20251027203220.0
008 - DATOS DE LONGITUD FIJA--INFORMACIÓN GENERAL
campo de control de longitud fija 0714s1973 ag 01
020 ## - NÚMERO INTERNACIONAL ESTÁNDAR DEL LIBRO
Número Internacional Estándar del Libro 9874352922
040 ## - FUENTE DE CATALOGACIÓN
Centro catalogador/agencia de origen AR-BaBN
Lengua de catalogación spa
Centro/agencia transcriptor AR-BaBN
Normas de descripción aacr
Centro/agencia modificador RIC
082 ## - NÚMERO DE LA CLASIFICACIÓN DECIMAL DEWEY
Número de clasificación 922 L88p
100 ## - ENTRADA PRINCIPAL--NOMBRE DE PERSONA
Nombre de persona López, Juan Bautista
9 (RLIN) 34131
245 ## - MENCIÓN DEL TÍTULO
Título Pies hermosos :
Resto del título vida del pastor Juan Bautista López /
Mención de responsabilidad, etc. Juan Bautista López, Samuel López
250 ## - MENCION DE EDICION
Mención de edición 1 ed.
260 ## - PUBLICACIÓN, DISTRIBUCIÓN, ETC.
Lugar de publicación, distribución, etc. Buenos Aires :
Nombre del editor, distribuidor, etc. el compilador,
Fecha de publicación, distribución, etc. 2002
300 ## - DESCRIPCIÓN FÍSICA
Extensión 176 p.
500 ## - NOTA GENERAL
Nota general Sumario: relatos autobiográficos del autor, con la colaboración y agregados de su hijo, el pastor Samuel López.
650 ## - PUNTO DE ACCESO ADICIONAL DE MATERIA--TÉRMINO DE MATERIA
Término de materia o nombre geográfico como elemento de entrada LOPEZ, JUAN BAUTISTA
9 (RLIN) 34132
700 ## - ENTRADA AGREGADA--NOMBRE PERSONAL
Nombre de persona López, Samuel
9 (RLIN) 34133
942 ## - ELEMENTOS DE ENTRADA SECUNDARIOS (KOHA)
Tipo de ítem Koha Colección General
Holdings
Estatus retirado Estado de pérdida Estado de daño No para préstamo Biblioteca de origen Biblioteca actual Fecha de adquisición Número de inventario Total de préstamos Signatura topográfica completa Código de barras Visto por última vez Precio de reemplazo Tipo de ítem Koha
        Biblioteca Pluis Biblioteca Pluis 27/10/2025 43639   922 L88p 43639 27/10/2025 27/10/2025 Colección General